000 004230000a22001690004500
003 MACL
005 20160102133238.0
008 160102b xxu||||| |||| 00| 0 eng d
040 _aMACL
_cMACL
041 _aEnglish
082 _a590/SMI
100 _aSmith, Geoffrey
_927088
245 _aPrimitive Animals
260 _bCambridge University Press
_c1911
_aLondon
650 _aAnimals
_927089
942 _cBK
_k590/SMI
_2ddc
999 _c38272
_d38272